Sports Quiz

Random Sports or Football Quiz

Top 12 most expensive football transfers in 2014-2015 Quiz Stats

 Plays Quiz not verified by Sporcle

Challenge
Share
Tweet
Embed
Score 0/12 Timer 04:00
0 Plays Today
Cost Answer % Correct
£70 millionLuis Suarez
87.9%
£63 millionJames Rodriguez
83.4%
£59 millionAngel Di Maria
68.3%
£32 millionAlexis Sanchez
60.8%
£32 millionDeigo Costa
60.3%
£27 millionCesc Fabregas
53.8%
£50 million David Luiz
48.2%
£30 millionLuke Shaw
41.2%
£29 millionAnder Herrera
37.2%
£25 millionAdam Lallana
37.2%
£32 millionEliaquim Mangala
33.7%
£28 millionRomelu Lukaku
22.6%

You're not logged in!

Compare scores with friends on all Sporcle quizzes.
Join for Free
OR
Log In

You Might Also Like...

Show Comments

Extras

Top Quizzes Today


Score Distribution

Your Account Isn't Verified!

In order to create a playlist on Sporcle, you need to verify the email address you used during registration. Go to your Sporcle Settings to finish the process.

Report this User

Report this user for behavior that violates our Community Guidelines.

Details: